000 00480nam a2200169 a 4500
001 1645
005 20140414131848.0
008 010605s19uu xx 00 eng d
050 _aM 398.2
_bM45 1976
100 _aMaxwell, Arhtur S.
245 _aUncle Arthur's bedtime stories, v.4 /
_cArthur S. Maxwell.
260 _aWashington, D.C :
_bPacific Press,
_c1976.
300 _a192 p. ; cm.
650 _aChildren's stories.
650 _aBedtime - Stories.
999 _c110027
_d110027